| 000 | 00000nam##2200000za#4500 |
| 001 | 9.639891 |
| 003 | CaOODSP |
| 005 | 20210624222408 |
| 007 | cr ||||||||||| |
| 008 | 150407|2000||||xxc|||||o f|0| 0 fre|d |
| 040 | |aCaOODSP|bfre |
| 043 | |an-cn--- |
| 086 | 1 |aCH44-6/2000F-PDF |
| 110 | 1 |aCanada.|bPatrimoine canadien. |bDirection générale des industries culturelles. |
| 245 | 10|aLes défis concurrentiels des éditeurs de livres au Canada / |h[ressource électronique]|cpréparé par Arthur Donner Consultants Inc., Lazar and Associates. |
| 260 | |aOttawa - Ontario : |bPatrimoine canadien. |cmai 2000. |
| 300 | |a98p.|bréférences, tableaux |
| 500 | |aLe n° de catalogue (CH44-6/2000F) et l'ISBN (0-662-84729-6) de l'édition imprimée ont été incorrectement copiés dans l'édition électronique. |
| 590 | |a12-14-Supp|b2012-04-10 |
| 691 | 07|aÉdition|2gcpds |
| 691 | 07|aÉdition électronique|2gcpds |
| 775 | 08|tThe competitive challenges facing book publishers in Canada / |w(CaOODSP)9.695769 |
| 856 | 40|ahttp://publications.gc.ca|qPDF|s343 Ko|uhttps://publications.gc.ca/collections/Collection/CH44-6-2000F.pdf |